Thailand chic : hotel, restaurants, shops, spas

Bibliographic Details
Main Author: Jotisalikorn, Chami
Other Authors: Tan Annette
Format: Book
Published: Archipelago Press
Subjects:

MARC

LEADER 00000cam a2200000 7i4500
001 0000018992
005 20080618.0
008 080612
020 |a 9814155039 
090 0 0 |a 915.9306   |b JOT 
100 1 |a Jotisalikorn, Chami 
245 1 0 |a Thailand chic :   |b hotel, restaurants, shops, spas   |c Text by Chami Jotisalikorn ; Annette Tan 
260 |b Archipelago Press 
650 0 |a Health resort Thailand 
650 0 |a Restaurants Thailand 
650 0 |a Stores, retail Thailand 
650 0 |a Thailand guide books 
700 1 |a Tan Annette 
999 |a 0001024118   |b Book   |c Adult Collection   |e Perbadanan Perpustakaan Awam Johor